|
|
|
|
| LEADER |
00000cas a2200000 a 4500 |
| 001 |
vtls008883895 |
| 003 |
SK-MaSNL |
| 005 |
20260228162217.0 |
| 008 |
220804d19911992xo mr p 0 0 b0slo |
| 035 |
|
|
|a (SVKBB03)vtls000141696
|
| 040 |
|
|
|a SVKBB
|b slo
|c SVKBB
|d SNK
|e AACR2
|
| 041 |
0 |
|
|a slo
|
| 043 |
|
|
|a e-xo---
|
| 044 |
|
|
|a xo
|c SK
|
| 072 |
|
7 |
|a 32
|x Politika
|2 konspekt
|
| 072 |
|
7 |
|a 352/354
|x Stupne miestnej, oblastnej a ústrednej správy
|2 konspekt
|
| 080 |
|
|
|a 32
|2 2011
|
| 080 |
|
|
|a 050
|2 2011
|
| 080 |
|
|
|a (051)+(054)(437.6)
|2 2011
|
| 080 |
|
|
|a (437.6)
|2 2011
|
| 080 |
|
|
|a 353.9
|2 2011
|
| 245 |
0 |
0 |
|a Kysucké hlasy
|b nezávislý mesačník s prílohou HZDS
|
| 260 |
|
|
|a Čadca
|b Okresný úrad Čadca
|c 1991-1992
|
| 300 |
|
|
|a 2 zv.
|c 29 cm
|
| 310 |
|
|
|a 1x mesačne
|
| 362 |
0 |
|
|a Č. 1 (1991)-č. 4 (1992)
|
| 500 |
|
|
|a Registračné číslo: SKO-4/91
|
| 525 |
|
|
|a Obsahuje nečíslovanú prílohu hnutia ZDS: Za demokratické Slovensko
|
| 650 |
0 |
7 |
|a politika
|2 SNKPH
|9 968
|
| 650 |
0 |
7 |
|a územná samospráva
|2 SNKPH
|9 802
|
| 651 |
|
7 |
|a Kysuce (Slovensko : región)
|2 SNKPHgeo
|9 165903
|
| 655 |
|
7 |
|a regionálne periodiká
|2 SNKPH
|9 131775
|
| 910 |
|
|
|a snk
|
| 916 |
|
|
|a 1991-1992
|
| 999 |
|
|
|c 7149
|d 9079
|
| 952 |
|
|
|0 0
|1 0
|4 0
|7 0
|a SNK
|b SNK
|d 2022-03-28
|i snkČSP 4637/94
|l 0
|o snkČSB 4452/1991 D1
|p 17A0857794
|r 2026-02-21 20:03:09
|t č. 1-5
|w 2026-02-21
|y PREZ
|
| 952 |
|
|
|0 0
|1 0
|4 0
|7 0
|a SNK
|b SNK
|d 2022-03-18
|f 1
|i snkČSP 4638/94
|l 0
|o snkČSB 4452/1992
|p 17A0857792
|r 2026-02-21 20:03:12
|t č. 1-4
|w 2026-02-21
|y PREZ
|
| 952 |
|
|
|0 0
|1 0
|4 0
|7 0
|a SNK
|b SNK
|d 2009-06-01
|f 1
|i snkČSP 4636/94
|l 0
|o snkČSB 4452/1991
|p 17A0621144
|r 2026-02-21 20:50:03
|t č. 1-5
|w 2026-02-21
|y PREZ
|
| 952 |
|
|
|0 0
|1 0
|4 0
|7 0
|a SNK
|b SNK
|d 2009-06-01
|i snkČSP 4639/94
|l 0
|o snkČSB 4452/1992 D1
|p 17A0621145
|r 2026-02-21 20:50:04
|t č. 1-4
|w 2026-02-21
|y PREZ
|